[Event "Golden Cleopatra op 6th"]
[Site "Cairo"]
[Date "2002.04.07"]
[Round "1"]
[White "Ikonnikov, Vyacheslav"]
[Black "Farag, Mohamed"]
[Result "1-0"]
[WhiteElo "2516"]
[BlackElo "2133"]
[PlyCount "67"]
[EventDate "2002.04.07"]
[EventType "swiss"]
[EventRounds "11"]
[EventCountry "EGY"]
[SourceTitle "CBM 087 Extra"]
[Source "ChessBase"]
[SourceDate "2002.05.03"]
[SourceVersion "2"]
[SourceVersionDate "2002.08.09"]
[SourceQuality "1"]

1. d4 Nf6 2. Nf3 g6 3. c4 Bg7 4. Nc3 d5 5. cxd5 Nxd5 6. e4 Nxc3 7. bxc3 c5 8. Be3 0-0 9. Qd2 Qa5 10. Rc1 Bg4 11. Be2 Nc6 12. d5 Rfd8 13. 0-0 b6 14. Qc2 Bxf3 15. Bxf3 Ne5 16. Be2 Rac8 17. c4 Qa6 18. f4 Nd7 19. e5 Nf8 20. Bg4 Rb8 21. Rcd1 f5 22. Bf3 h5 23. a4 Nd7 24. h3 Rf8 25. Rb1 Bh6 26. Bd2 Rbd8 27. Rb5 Qc8 28. g4 hxg4 29. hxg4 Nb8 30. a5 bxa5 31. Rxa5 Rd7 32. g5 Bg7 33. Be3 Na6 34. Qa4 1-0